Industrial relations and labour laws (Record no. 283029)

MARC details
000 -LEADER
fixed length control field 00516nam a2200193Ia 4500
005 - DATE AND TIME OF LATEST TRANSACTION
control field 20241025164606.0
008 - FIXED-LENGTH DATA ELEMENTS--GENERAL INFORMATION
fixed length control field 240126s9999 xx 000 0 und d
020 ## - INTERNATIONAL STANDARD BOOK NUMBER
International Standard Book Number 9788174466204
082 ## - DEWEY DECIMAL CLASSIFICATION NUMBER
Classification number 658.3153 SIN;1 R
100 ## - MAIN ENTRY--PERSONAL NAME
Personal name Singh, B D.
245 #0 - TITLE STATEMENT
Title Industrial relations and labour laws
260 ## - PUBLICATION, DISTRIBUTION, ETC. (IMPRINT)
Name of publisher, distributor, etc. Excel Books
Place of publication, distribution, etc. Bangalore
Date of publication, distribution, etc. 2008
300 ## - PHYSICAL DESCRIPTION
Extent viii, 558
440 ## - SERIES STATEMENT/ADDED ENTRY--TITLE
Title NULL
500 ## - GENERAL NOTE
General note Content page available
650 ## - SUBJECT ADDED ENTRY--TOPICAL TERM
Topical term or geographic name as entry element relations,labour,laws
856 ## - ELECTRONIC LOCATION AND ACCESS
Uniform Resource Identifier digital/contents/50355.pdf
942 ## - ADDED ENTRY ELEMENTS (KOHA)
Koha item type PESU Books
Holdings
Date last seen Total Checkouts Full call number Accession number Old discount Volume/Issue Number Date checked out Cost, replacement price Price effective from Category Lost status Damaged status Department Withdrawn status bill no. Permanent Location Current Location Shelving location Entry date Vendor Cost, normal purchase price Grants Currency symbol Conversion rate Discount Discount type Source of classification or shelving scheme
26/01/2024   658.3153 SIN;2 R1 PU8226 28 (30/06/1905)   622.80 26/01/2024 PESU Books     Central Library   86889 Central Library Central Library Central Library 20/11/2017 Book Paradise 865.00 MBA RS 1 242.2 Rupees  
26/01/2024   658.3153 SIN;3 PU11838   (30/06/1905)   622.80 26/01/2024 PESU Books     Central Library   92652 Central Library Central Library Central Library 09/03/2021 Book Paradise 865.00 MBA RS 1 28 Percentage Dewey Decimal Classification
05/02/2026 1 658.3153 SIN;1 R PU8225 28 (30/06/1905) 29/01/2026 622.80 26/01/2024 PESU Books     Central Library   86889 Central Library RFID Kiosk Central Library 20/11/2017 Book Paradise 865.00 MBA RS 1 242.2 Rupees  

© For any Suggestions or Query, please contact the library staff @ librarian@pes.edu or Phone: +9180 2672 1983/ 2108.